| 000 | 00432nam a2200157 i 4500 | ||
|---|---|---|---|
| 001 | 129024 | ||
| 003 | ES-MaACL | ||
| 005 | 20230906193425.0 | ||
| 007 | t| | ||
| 008 | 070604s1936 fr ||||1| fre d | ||
| 100 | 1 |
_aTazerout, Mohand. _9109479 |
|
| 245 | 1 | 2 |
_aL'état de demain / _cpar M. Tazerout. |
| 260 |
_aParis : _bPresses Universitaires de France, _c1936. |
||
| 300 |
_aVIII, 189 p. ; _c19 cm. |
||
| 852 |
_aES-MaACL _jA-4265 |
||
| 999 |
_c129024 _d129024 |
||